000 00299nam a22001217a 4500
008 260311b ||||| |||| 00| 0 eng d
041 _aeng
080 _82.1
_a2.1
100 _a20.10
101 _aInstituti shkencor
245 _aInstituti për kërkime shkencore dhe Zhvillimi
942 _2udc
_cBK
999 _c60883
_d60883